000 00693nam a2200289Ia 4500
005 20260324150631.0
008 008 260324s9999 xx 000 0 eng d
020 _a9781315294292
037 _aEBOOK
040 _aCRL
040 _beng
040 _cCRL
041 _2eng
041 _aeng
084 _qCRL
100 _aHarold Gunn
_91227083
245 0 _aPagan Peoples of the Central Area of Northern Nigeria
245 0 _bWestern Africa Part XII
260 _bTaylor and Francis
260 _c1956
365 _a
365 _b180
856 _uhttp://www.taylorfrancis.com/books/9781315294292
942 _cEBOOK
999 _c1836891
_d1836891